千葉県北西部の市町 - Statistics

General Stats
  • This quiz has been taken 8 times
  • The average score is 13 of 19
Answer Stats
ヒント 答え % Correct
印西市
100%
八千代市
80%
習志野市
80%
流山市
80%
佐倉市
80%
千葉市
80%
船橋市
80%
鎌ケ谷市
80%
柏市
80%
我孫子市
80%
野田市
80%
白井市
80%
市川市
60%
松戸市
60%
四街道市
60%
印旛郡 栄町
40%
成田市
40%
浦安市
40%
印旛郡 酒々井町
40%
No matching quizzes found
Score Distribution
Percent of People with Each Score
Percentile by Number Answered
Your Score History
You have not taken this quiz